Biology of cardiovascular and metabolic disease / (Record no. 200452301)

MARC details
000 -LEADER
fixed length control field 01520cam a22003735i 4500
001 - CONTROL NUMBER
control field 200452301
003 - CONTROL NUMBER IDENTIFIER
control field TR-AnTOB
005 - DATE AND TIME OF LATEST TRANSACTION
control field 20230526173421.0
006 - FIXED-LENGTH DATA ELEMENTS--ADDITIONAL MATERIAL CHARACTERISTICS
fixed length control field m |o d |
007 - PHYSICAL DESCRIPTION FIXED FIELD--GENERAL INFORMATION
fixed length control field cr cnu---aauau
008 - FIXED-LENGTH DATA ELEMENTS--GENERAL INFORMATION
fixed length control field 210913s2022 mau o 000 0 eng d
010 ## - LIBRARY OF CONGRESS CONTROL NUMBER
LC control number 2021947032
020 ## - INTERNATIONAL STANDARD BOOK NUMBER
International Standard Book Number 9780128234228
Qualifying information (ebook)
Canceled/invalid ISBN 9780128234211
Qualifying information (paperback)
040 ## - CATALOGING SOURCE
Original cataloging agency DLC
Language of cataloging eng
Description conventions rda
Transcribing agency DLC
Modifying agency TR-AnTOB
041 0# - LANGUAGE CODE
Language code of text/sound track or separate title İngilizce
060 1# - NATIONAL LIBRARY OF MEDICINE CALL NUMBER
Classification number WG 141
Item number C426 2022
096 ## - LOCALLY ASSIGNED NLM-TYPE CALL NUMBER (OCLC)
Classification number WG 141
Item number C426 2022EBK
100 1# - MAIN ENTRY--PERSONAL NAME
Personal name Gopalan, Chaya,
Relator term author
245 10 - TITLE STATEMENT
Title Biology of cardiovascular and metabolic disease /
Statement of responsibility, etc. Chaya Gopalan, Erik Kirk.
264 #1 - PRODUCTION, PUBLICATION, DISTRIBUTION, MANUFACTURE, AND COPYRIGHT NOTICE
Place of production, publication, distribution, manufacture Waltham :
Name of producer, publisher, distributor, manufacturer Elsevier,
Date of production, publication, distribution, manufacture, or copyright notice 2022.
Date of production, publication, distribution, manufacture, or copyright notice ©2022
300 ## - PHYSICAL DESCRIPTION
Extent 1 online resource.
336 ## - CONTENT TYPE
Content type term text
Content type code txt
Source rdacontent
337 ## - MEDIA TYPE
Media type term computer
Media type code c
Source rdamedia
338 ## - CARRIER TYPE
Carrier type term online resource
Carrier type code cr
Source rdacarrier
504 ## - BIBLIOGRAPHY, ETC. NOTE
Bibliography, etc. note Includes bibliographical references and index.
520 ## - SUMMARY, ETC.
Summary, etc. "Focuses succinctly on the physiology and pathophysiology of cardiovascular and metabolic diseases Written in a concise and easy to read manner, allowing readers to quickly understand concepts Highlights the relevance of obesity in the development of cardiovascular and metabolic diseases and emphasizes the benefits of exercise as a preventative measure"--
Assigning source Provided by publisher.
653 ## - INDEX TERM--UNCONTROLLED
Uncontrolled term Diseases of the circulatory (cardiovascular) system
700 1# - ADDED ENTRY--PERSONAL NAME
Personal name Kirk, Erik,
Relator term author
856 40 - ELECTRONIC LOCATION AND ACCESS
Materials specified ScienceDirect
Public note Connect to resource
Uniform Resource Identifier <a href="https://www.sciencedirect.com/book/9780128234211">https://www.sciencedirect.com/book/9780128234211</a>
942 ## - ADDED ENTRY ELEMENTS (KOHA)
Source of classification or shelving scheme National Library of Medicine
Koha item type Book
Holdings
Withdrawn status Lost status Source of classification or shelving scheme Not for loan Collection code Home library Current library Date acquired Source of acquisition Cost, normal purchase price Inventory number Total Checkouts Full call number Barcode Date last seen Cost, replacement price Date shelved Koha item type
    National Library of Medicine Geçerli değil-e-Kitap / Not applicable-e-Book E-Kitap Koleksiyonu Tıp Fakültesi Medikal Kütüphane Tıp Fakültesi Medikal Kütüphane 24/02/2023 Satın Alma / Purchase 0.00 BMM/TIP   WG 141 C426 2022EBK EBK01161 24/02/2023 0.00 24/02/2023 E-Book
Devinim Yazılım Eğitim Danışmanlık tarafından Koha'nın orjinal sürümü uyarlanarak geliştirilip kurulmuştur.